000 00436nam a2200169Ia 4500
008 121026t2000 xxu||||| |||| 00| 0 sin d
041 _asin
080 _aX8S1
_bSEN
100 _aRankanda Senevirathna
245 _aඅනේ අපේ අම්මා
246 _aAne Ape Amma
260 _bPiyasiri Printin
_aNugegoda
_c2000
300 _b59p., 21 cm
942 _cBK
999 _c74507
_d74507
003 LK-CoDNM
040 _aLK-CoDNM
_dLK-CoDNM
_eLK-CoDNM